000 00541nam a2200157 a 4500
001 000040500
005 20201002034155.0
008 130826s2002 mx 000 0 spa d
020 _a9703201547
040 _aDO-SdBNP
_bspa
_cBNPHU
245 0 3 _aImposición de la medalla Isidro Fabela a Baltasar Garzón Real /.
260 _aMéxico :
_bUniversidad Autónoma de México,
_c2002.
300 _a12 p. ;
_c22 cm.
490 1 _aLecturas jurídicas
_aDerechos y sus maestros
_v2
830 0 _aLecturas jurídicas
_pDerechos y sus maestros
_n2
_966810
999 _c39990
_d39990